| 000 | 00000nas##2200000za#4500 |
| 001 | 9.509509 |
| 003 | CaOODSP |
| 005 | 20260106135558 |
| 007 | ta |
| 008 | 150406c1994||||xxc|| m #||||f| |0fre|d |
| 040 | |aCaOODSP|bfre |
| 041 | |aeng |
| 041 | |afre |
| 043 | |an-cn--- |
| 086 | 1 |aM91-7 |
| 110 | 2 |aCentre de la technologie de l'eĢnergie de CANMET (Canada) |
| 245 | 10|a[Rapport technologique] |
| 260 | |aOttawa - Ontario : |bRessources naturelles Canada. |
| 310 | |aIrrégulier |
| 775 | 08|t[Rapport technologique] |w(CaOODSP)9.513136 |
| 775 | 08|t[Technology report] |w(CaOODSP)9.514782 |
| 776 | 0#|t[Rapport technologique] |w(CaOODSP)9.501499 |
| 776 | 0#|t[Technology report] |w(CaOODSP)9.504720 |
| 791 | |t[Technology report] |eeng|w(CaOODSP)9.509508 |